The Kamraj plan and the Congress socialism (Record no. 63664)

MARC details
000 -LEADER
fixed length control field 00756cam a22002531 4500
001 - CONTROL NUMBER
control field sa 65004302
003 - CONTROL NUMBER IDENTIFIER
control field DLC
005 - DATE AND TIME OF LATEST TRANSACTION
control field 20260227112129.0
008 - FIXED-LENGTH DATA ELEMENTS--GENERAL INFORMATION
fixed length control field 871016s1964 ii c 000 0 eng
010 ## - LIBRARY OF CONGRESS CONTROL NUMBER
LC control number sa 65004302
025 ## - OVERSEAS ACQUISITION NUMBER
Overseas acquisition number PL480:I-E-3406
035 ## - SYSTEM CONTROL NUMBER
System control number (OCoLC)16861269
040 ## - CATALOGING SOURCE
Original cataloging agency DLC
Transcribing agency WaU
Modifying agency DLC
042 ## - AUTHENTICATION CODE
Authentication code premarc
050 00 - LIBRARY OF CONGRESS CALL NUMBER
Classification number JQ298.I5
Item number B23
100 1# - MAIN ENTRY--PERSONAL NAME
Personal name Bahl, Sardari Lall.
245 14 - TITLE STATEMENT
Title The Kamraj plan and the Congress socialism
Statement of responsibility, etc. [by] S.L. Bahl.
260 ## - PUBLICATION, DISTRIBUTION, ETC.
Place of publication, distribution, etc. Dhampur (Bijnor)
Date of publication, distribution, etc. [1964]
300 ## - PHYSICAL DESCRIPTION
Extent 69 p.
Other physical details port.
Dimensions 22 cm.
500 ## - GENERAL NOTE
General note At head of title: A storm in the Congress tea cup.
610 20 - SUBJECT ADDED ENTRY--CORPORATE NAME
Corporate name or jurisdiction name as entry element Indian National Congress.
651 #0 - SUBJECT ADDED ENTRY--GEOGRAPHIC NAME
Geographic name India
General subdivision Politics and government
Chronological subdivision 1947-
740 2# - ADDED ENTRY--UNCONTROLLED RELATED/ANALYTICAL TITLE
Uncontrolled related/analytical title A storm in the Congress tea cup.

No items available.

Powered by Koha